000 01257cam a2200313 i 4500
001 768714001
003 CO-MdFUSB
005 20241205115703.0
007 ta
008 241204t2003 -sp||||| |||| 00| 0 spa d
020 _a84-330-1774-8,
040 _cCO-MdFUSB
041 _aspa
082 0 4 _223
_a236.9
_bK269d
100 1 _aKehl, Medard
_eautor
240 _aUnd was kommt nach dem Ende?
245 1 0 _aY después del fin ¿qué? :
_bdel fin del mundo, la consumación, la reencarnación y la resurrección
_c/ Kehl, Medard
264 1 _aBilbao :
_bDesclée de Brouwer,
_c[2003]
264 4 _c©2003
300 _a206 páginas
336 _atexto
_btxt
_2rdacontent
337 _2rdamedia
_asin mediación
_bn
338 _2rdacarrier
_avolumen
_bnc
505 _a¿Cuál es el estado actual de la fe cristiana en las "últimas cosas" - La interpretación cristiana de las visiones apocalípticas del principio el fin del mundo - El retorno de Jesús "El día del juicio" - La "resurrección de los muertos" ¿Qué es del cuerpo? - El "purgatorio": ¿infierno "por un plazo" o ser transformados por el amor purificador de Dios? - El cielo...
563 _aRustico
653 _aEscatología
942 _cBK
945 _aMiguel
999 _c42370
_d42370